| 000 | 00508 a2200181 4500 | ||
|---|---|---|---|
| 003 | OSt | ||
| 005 | 20230902154909.0 | ||
| 008 | 230902b |||||||| |||| 00| 0 eng d | ||
| 020 | _a9789385676130 | ||
| 040 | _coclc | ||
| 082 |
_a338 _bAHU/M |
||
| 100 |
_aAhuja, H L _9470 |
||
| 245 |
_aMODERN MICROECONOMICS: _bTHEORY AND APPLICATIONS / _cH L Ahuja |
||
| 250 | _a19th ed. | ||
| 260 |
_aNew Delhi: _bS chand, _c2022. |
||
| 300 | _a957 p | ||
| 942 |
_2ddc _cBK _h338 _iAHU/M _k338 _mAHU/M |
||
| 999 |
_c42087 _d42087 |
||